[Event "SVK-chT2C 2425"]
[Site "Slovakia"]
[Date "2024.11.10"]
[Round "2.7"]
[White "Molnar, Lubomir"]
[Black "Dlabik, Jozef"]
[Result "1/2-1/2"]
[WhiteElo "1948"]
[BlackElo "1972"]
[PlyCount "64"]
[EventDate "2024.11.09"]
[EventType "team-tourn"]
[EventRounds "11"]
[EventCountry "SVK"]
[SourceTitle "CB51_2024"]
[SourceDate "2024.12.18"]
[SourceVersion "1"]
[SourceVersionDate "2024.12.18"]
[SourceQuality "1"]
[WhiteTeam "Martin Medea"]
[BlackTeam "Dunajov Martin III"]
[WhiteTeamCountry "SVK"]
[BlackTeamCountry "SVK"]

1. e4 e5 2. Nf3 Nc6 3. d4 exd4 4. Bc4 d6 5. Nxd4 Nf6 6. Nxc6 bxc6 7. Nc3 Be7 8. 0-0 0-0 9. Re1 Ng4 10. h3 Ne5 11. Be2 Bf6 12. Be3 c5 13. Nd5 Nc6 14. c3 Be6 15. Qd2 Bxd5 16. Qxd5 Ne7 17. Qd2 Rb8 18. Bc4 Ng6 19. f4 Bh4 20. Rf1 Bg3 21. Bd3 d5 22. Rf3 dxe4 23. Rxg3 Qxd3 24. Qf2 Rfe8 25. Bxc5 Rxb2 26. Rxd3 Rxf2 27. Kxf2 exd3 28. Be3 a6 29. g3 Ne7 30. Rd1 Rd8 31. Kf3 Rd5 32. c4 Rd8 1/2-1/2

[Event "SVK-chT2C 2425"]
[Site "Slovakia"]
[Date "2024.11.09"]
[Round "1.7"]
[White "Dlabik, Jozef"]
[Black "Listiak, Juraj"]
[Result "1-0"]
[WhiteElo "1972"]
[BlackElo "1946"]
[PlyCount "79"]
[EventDate "2024.11.09"]
[EventType "team-tourn"]
[EventRounds "11"]
[EventCountry "SVK"]
[SourceTitle "CB51_2024"]
[SourceDate "2024.12.18"]
[SourceVersion "1"]
[SourceVersionDate "2024.12.18"]
[SourceQuality "1"]
[WhiteTeam "Dunajov Martin III"]
[BlackTeam "Banska Bystrica PSK"]
[WhiteTeamCountry "SVK"]
[BlackTeamCountry "SVK"]

1. d4 d5 2. Nf3 Nf6 3. c4 e6 4. Bg5 Nbd7 5. Nc3 Be7 6. e3 0-0 7. cxd5 exd5 8. Bd3 c6 9. Qc2 Re8 10. 0-0 Nf8 11. Rab1 Ne4 12. Bxe7 Qxe7 13. b4 Bf5 14. Ne5 Ng6 15. Nxg6 Bxg6 16. Nxe4 Bxe4 17. Bxe4 dxe4 18. Rfc1 Rac8 19. Qc5 Qd7 20. a4 b6 21. Qc4 Qb7 22. a5 g6 23. h3 Red8 24. axb6 axb6 25. Ra1 Rd5 26. Rcb1 Rb5 27. Ra4 Ra8 28. Rba1 Rxa4 29. Rxa4 Rd5 30. Qc2 b5 31. Ra5 Qd7 32. Qxe4 h5 33. Ra8+ Kg7 34. Qe8 Qxe8 35. Rxe8 Kf6 36. Rc8 Rd6 37. Kf1 Ke6 38. Ke2 Kd5 39. Kd3 f5 40. f3 1-0

[Event "SVK-chT1E 2223"]
[Site "Slovakia"]
[Date "2024.03.09"]
[Round "10.7"]
[White "Sekova, Olivia"]
[Black "Dlabik, Jozef"]
[Result "1-0"]
[WhiteElo "2074"]
[BlackElo "1937"]
[PlyCount "65"]
[EventDate "2023.10.21"]
[EventType "team-tourn"]
[EventRounds "11"]
[EventCountry "SVK"]
[SourceTitle "EXT 2025"]
[Source "ChessBase"]
[SourceDate "2024.10.14"]
[SourceVersion "1"]
[SourceVersionDate "2024.10.14"]
[SourceQuality "1"]
[WhiteTeam "Humenne Reinter II"]
[BlackTeam "Dunajov Martin II"]
[WhiteTeamCountry "SVK"]
[BlackTeamCountry "SVK"]

1. e4 e5 2. Nf3 Nc6 3. d4 exd4 4. Nxd4 Nf6 5. Nxc6 bxc6 6. Nd2 d6 7. Bd3 Be7 8. 0-0 0-0 9. Qf3 Ng4 10. Nc4 Bf6 11. Bf4 Re8 12. Na5 Bd7 13. Ba6 Bxb2 14. Rab1 Bd4 15. Bb7 Rb8 16. Nxc6 Bxc6 17. Bxc6 Ne5 18. Bxe5 Rxe5 19. Bd5 Re7 20. c3 Bf6 21. Qd3 Rb6 22. a4 g6 23. f4 c6 24. Bc4 Rd7 25. Rbd1 Rb2 26. e5 Qb6+ 27. Kh1 Be7 28. Bxf7+ Kxf7 29. e6+ Kxe6 30. Qh3+ Kf7 31. Qxd7 Qc5 32. f5 Re2 33. f6 1-0

[Event "SVK-chT1E 2223"]
[Site "Slovakia"]
[Date "2024.02.04"]
[Round "9.6"]
[White "Valuska, Pavel"]
[Black "Dlabik, Jozef"]
[Result "1-0"]
[WhiteElo "1995"]
[BlackElo "1937"]
[PlyCount "109"]
[EventDate "2023.10.21"]
[EventType "team-tourn"]
[EventRounds "11"]
[EventCountry "SVK"]
[SourceTitle "EXT 2025"]
[Source "ChessBase"]
[SourceDate "2024.10.14"]
[SourceVersion "1"]
[SourceVersionDate "2024.10.14"]
[SourceQuality "1"]
[WhiteTeam "Zvolen Slavia"]
[BlackTeam "Dunajov Martin II"]
[WhiteTeamCountry "SVK"]
[BlackTeamCountry "SVK"]

1. e4 e5 2. Nf3 Nc6 3. Bb5 a6 4. Ba4 b5 5. Bb3 Be7 6. c3 Nf6 7. Qe2 0-0 8. 0-0 d6 9. h3 Nb8 10. a4 Bb7 11. d3 Nbd7 12. Be3 c5 13. Nbd2 Qc7 14. Nh2 d5 15. exd5 Nxd5 16. Ne4 c4 17. Bc2 N7f6 18. Nxf6+ Nxf6 19. Ng4 cxd3 20. Qxd3 e4 21. Nxf6+ Bxf6 22. Qe2 b4 23. cxb4 Rac8 24. Bc5 Rfe8 25. Bb3 a5 26. Rac1 Qe5 27. Qc4 Rc7 28. Qb5 axb4 29. Bxb4 Qxb5 30. axb5 Rec8 31. Rxc7 Rxc7 32. Ba3 h6 33. Rd1 Bg5 34. Kh2 Kh7 35. Bd6 Rd7 36. Be5 Rxd1 37. Bxd1 Bd8 38. Bg4 Bb6 39. Kg3 g6 40. Bd7 f5 41. b4 Bd5 42. h4 Bf7 43. Bd6 Bd5 44. Bc5 Bc7+ 45. Kh3 Bb8 46. b6 Bb7 47. b5 Kg7 48. Be7 f4 49. Bc6 Bc8+ 50. Kh2 e3 51. fxe3 fxe3+ 52. Kg1 e2 53. Kf2 Bg4 54. Bf3 Bg3+ 55. Kxe2 1-0

[Event "SVK-chT2C 2223"]
[Site "Slovakia"]
[Date "2022.11.27"]
[Round "6.5"]
[White "Priechodsky, Radovan"]
[Black "Dlabik, Jozef"]
[Result "1-0"]
[WhiteElo "1937"]
[BlackElo "1922"]
[PlyCount "55"]
[EventDate "2022.10.08"]
[EventType "team-tourn"]
[EventRounds "11"]
[EventCountry "SVK"]
[SourceTitle "EXT 2024"]
[Source "ChessBase"]
[SourceDate "2023.10.10"]
[SourceVersion "1"]
[SourceVersionDate "2023.10.10"]
[SourceQuality "1"]
[WhiteTeam "Liptov Chess School III"]
[BlackTeam "Dunajov Martin III"]
[WhiteTeamCountry "SVK"]
[BlackTeamCountry "SVK"]

1. d4 d5 2. Bf4 Nf6 3. e3 c6 4. c3 Bf5 5. Bd3 Bg6 6. Nf3 e6 7. Qc2 Nbd7 8. Nbd2 Be7 9. h3 Rc8 10. 0-0 0-0 11. Ne5 Bxd3 12. Qxd3 c5 13. Bh2 a6 14. f4 b5 15. a3 Nb6 16. f5 Nc4 17. Ndxc4 bxc4 18. Qe2 Bd6 19. fxe6 fxe6 20. Rf3 Bxe5 21. Bxe5 Ne4 22. Raf1 Qe7 23. Kh2 cxd4 24. exd4 Qg5 25. Rf4 h5 26. Qe3 Rxf4 27. Rxf4 Rf8 28. Rxe4 1-0

[Event "SVK-chT1E 2223"]
[Site "Slovakia"]
[Date "2022.11.05"]
[Round "3.7"]
[White "Dlabik, Jozef"]
[Black "Hotak, Marian"]
[Result "1-0"]
[WhiteElo "1916"]
[BlackElo "1980"]
[PlyCount "83"]
[EventDate "2022.10.15"]
[EventType "team-tourn"]
[EventRounds "11"]
[EventCountry "SVK"]
[SourceTitle "EXT 2024"]
[Source "ChessBase"]
[SourceDate "2023.10.10"]
[SourceVersion "1"]
[SourceVersionDate "2023.10.10"]
[SourceQuality "1"]
[WhiteTeam "Dunajov Martin II"]
[BlackTeam "Kosice Slavia UPJS"]
[WhiteTeamCountry "SVK"]
[BlackTeamCountry "SVK"]

1. d4 Nf6 2. Nf3 g6 3. c4 Bg7 4. Nc3 0-0 5. e4 c5 6. d5 d6 7. Be2 e6 8. 0-0 exd5 9. exd5 Re8 10. h3 Bf5 11. Bd3 Bxd3 12. Qxd3 Nfd7 13. Bf4 Ne5 14. Nxe5 Bxe5 15. Bxe5 Rxe5 16. f4 Re8 17. Ne4 h6 18. Rae1 Nd7 19. Nxd6 Rxe1 20. Rxe1 Qh4 21. Rf1 Qf6 22. Ne4 Qh4 23. Qg3 Qxg3 24. Nxg3 f5 25. Re1 Kf7 26. Re3 b5 27. cxb5 Rb8 28. d6 Re8 29. Kf2 Rxe3 30. Kxe3 Ke6 31. Ne2 h5 32. Ng1 Nb6 33. b3 Nd5+ 34. Kf3 Nc3 35. a4 Kxd6 36. Ne2 Ne4 37. Ke3 c4 38. b4 Kd5 39. a5 h4 40. a6 Nd6 41. Nc3+ Ke6 42. b6 1-0

[Event "SVK-chT2C 2122"]
[Site "Slovakia"]
[Date "2022.03.27"]
[Round "9.3"]
[White "Dlabik, Jozef"]
[Black "Pal, Peter"]
[Result "1/2-1/2"]
[WhiteElo "1924"]
[BlackElo "2065"]
[PlyCount "50"]
[EventDate "2021.10.16"]
[EventType "team-tourn"]
[EventRounds "11"]
[EventCountry "SVK"]
[SourceTitle "EXT 2023"]
[Source "ChessBase"]
[SourceDate "2022.10.05"]
[SourceVersion "1"]
[SourceVersionDate "2022.10.05"]
[SourceQuality "1"]
[WhiteTeam "Dunajov III"]
[BlackTeam "Filakovo"]
[WhiteTeamCountry "SVK"]
[BlackTeamCountry "SVK"]

1. d4 Nf6 2. c4 g6 3. Nc3 d5 4. cxd5 Nxd5 5. e4 Nxc3 6. bxc3 c5 7. Nf3 Bg7 8. Be2 Nc6 9. Be3 cxd4 10. cxd4 Qa5+ 11. Bd2 Qd8 12. d5 Ne5 13. Rb1 0-0 14. 0-0 b6 15. Nxe5 Bxe5 16. Bh6 Bg7 17. Bxg7 Kxg7 18. Qd4+ f6 19. Rfc1 Bb7 20. a4 Rc8 21. Bg4 Rxc1+ 22. Rxc1 e5 23. Qb4 f5 24. Bf3 fxe4 25. Qxe4 Qd6 1/2-1/2

[Event "SVK-chT1E 0708"]
[Site "Slovakia"]
[Date "2008.02.09"]
[Round "8.5"]
[White "Tatarko, Tomas"]
[Black "Dlabik, Jozef"]
[Result "1-0"]
[WhiteElo "2043"]
[BlackElo "2150"]
[PlyCount "65"]
[EventDate "2007.10.13"]
[EventType "team-swiss"]
[EventRounds "11"]
[EventCountry "SVK"]
[SourceTitle "EXT 2009"]
[Source "ChessBase"]
[SourceDate "2008.11.26"]
[SourceVersion "1"]
[SourceVersionDate "2008.11.26"]
[SourceQuality "1"]
[WhiteTeam "Sabinov"]
[BlackTeam "Martin MSK"]
[WhiteTeamCountry "SVK"]
[BlackTeamCountry "SVK"]

1. e4 e5 2. Nf3 Nc6 3. d4 exd4 4. Nxd4 Nf6 5. Nxc6 bxc6 6. e5 Qe7 7. Qe2 Nd5 8. c4 Ba6 9. b3 g6 10. Bb2 Bg7 11. Nd2 0-0 12. g3 Rae8 13. Nf3 d6 14. Bg2 dxe5 15. 0-0 f5 16. Rfe1 e4 17. Qd2 Bxb2 18. Qxb2 Nb4 19. Re2 Qg7 20. Qxg7+ Kxg7 21. Ne1 c5 22. Rd1 Rd8 23. Rxd8 Rxd8 24. f3 exf3 25. Bxf3 Rd1 26. a3 Na2 27. Kf2 Nc1 28. Re7+ Kf6 29. Rxc7 Rd2+ 30. Ke3 Rd6 31. Bd5 Nxb3 32. Nf3 h6 33. Rf7# 1-0

[Event "SVK-chT1E 0708"]
[Site "Slovakia"]
[Date "2008.01.13"]
[Round "7.6"]
[White "Dlabik, Jozef"]
[Black "Berezjuk, Sergej"]
[Result "0-1"]
[WhiteElo "2150"]
[BlackElo "2433"]
[PlyCount "60"]
[EventDate "2007.10.13"]
[EventType "team-swiss"]
[EventRounds "11"]
[EventCountry "SVK"]
[SourceTitle "EXT 2009"]
[Source "ChessBase"]
[SourceDate "2008.11.26"]
[SourceVersion "1"]
[SourceVersionDate "2008.11.26"]
[SourceQuality "1"]
[WhiteTeam "Martin MSK"]
[BlackTeam "Dunajov Inbest"]
[WhiteTeamCountry "SVK"]
[BlackTeamCountry "SVK"]

1. d4 Nf6 2. Nf3 d5 3. g3 c6 4. Bf4 Qb6 5. Bc1 Bf5 6. Bg2 e6 7. 0-0 h6 8. Nbd2 Be7 9. c3 Nbd7 10. Nb3 0-0 11. Bf4 a5 12. Qc1 a4 13. Nbd2 c5 14. e3 a3 15. bxa3 cxd4 16. exd4 Bxa3 17. Qd1 Bb2 18. Qb3 Qxb3 19. Nxb3 Bxa1 20. Rxa1 Rfc8 21. Bd6 Rxc3 22. Nfd2 Bc2 23. Nc5 Nxc5 24. Bxc5 Bd3 25. a3 Rc2 26. Bb4 Rac8 27. h3 Rc1+ 28. Rxc1 Rxc1+ 29. Kh2 Ne4 30. Nxe4 Bxe4 0-1

[Event "SVK-chT1E 0708"]
[Site "Slovakia"]
[Date "2007.12.09"]
[Round "6.6"]
[White "Dlabik, Jozef"]
[Black "Hlavac, Peter"]
[Result "1-0"]
[WhiteElo "2150"]
[BlackElo "2077"]
[PlyCount "111"]
[EventDate "2007.10.13"]
[EventType "team-swiss"]
[EventRounds "11"]
[EventCountry "SVK"]
[SourceTitle "EXT 2009"]
[Source "ChessBase"]
[SourceDate "2008.11.26"]
[SourceVersion "1"]
[SourceVersionDate "2008.11.26"]
[SourceQuality "1"]
[WhiteTeam "Martin MSK"]
[BlackTeam "Rajecke Teplice"]
[WhiteTeamCountry "SVK"]
[BlackTeamCountry "SVK"]

1. d4 d5 2. Nf3 Nf6 3. c4 e6 4. Nc3 Be7 5. Bg5 0-0 6. e3 b6 7. Bd3 Bb7 8. cxd5 Nxd5 9. Bxe7 Qxe7 10. Rc1 Rc8 11. 0-0 Nd7 12. Nxd5 exd5 13. Qe2 c5 14. Ba6 Nf6 15. Ne5 c4 16. Bb5 a6 17. Ba4 b5 18. Bc2 a5 19. Bf5 Rc7 20. f4 b4 21. g4 Ba6 22. Rf3 g6 23. g5 Ne4 24. Bxe4 dxe4 25. Rf2 c3 26. Qe1 Rac8 27. b3 f5 28. gxf6 Qxf6 29. Rg2 Rg7 30. Qg3 Bb5 31. Qh3 Rcc7 32. Rg5 Be2 33. Qg2 Bd3 34. Ng4 Qa6 35. Nh6+ Kh8 36. Re5 Rc8 37. Qg5 Ra8 38. Rd5 Qb6 39. Qe5 Qc7 40. Qe6 c2 41. Rc5 Qb7 42. Rxa5 Rf8 43. Qe5 Qe7 44. Qd5 Qh4 45. Ra8 Qf6 46. Qe5 Qe7 47. Qxe7 Rxe7 48. Rxf8+ Kg7 49. Rf7+ Rxf7 50. Nxf7 Kxf7 51. Kf2 Kf6 52. Ke1 g5 53. fxg5+ Kxg5 54. Kd2 Kg4 55. Rxc2 Kh3 56. Rc5 1-0

[Event "SVK-chT1E 0708"]
[Site "Slovakia"]
[Date "2007.11.11"]
[Round "4.1"]
[White "Dlabik, Jozef"]
[Black "Koval, Maros"]
[Result "1/2-1/2"]
[WhiteElo "2150"]
[BlackElo "2137"]
[PlyCount "104"]
[EventDate "2007.10.13"]
[EventType "team-swiss"]
[EventRounds "11"]
[EventCountry "SVK"]
[SourceTitle "EXT 2009"]
[Source "ChessBase"]
[SourceDate "2008.11.26"]
[SourceVersion "1"]
[SourceVersionDate "2008.11.26"]
[SourceQuality "1"]
[WhiteTeam "Martin MSK"]
[BlackTeam "Margecany OSK"]
[WhiteTeamCountry "SVK"]
[BlackTeamCountry "SVK"]

1. d4 d5 2. Nf3 Nf6 3. c4 c6 4. e3 g6 5. Nc3 Bg7 6. Qb3 0-0 7. Be2 e6 8. 0-0 Nbd7 9. Bd2 Ne4 10. Rfd1 f5 11. Bd3 Kh8 12. Be1 g5 13. Qc2 g4 14. Ne5 Nxe5 15. dxe5 Qg5 16. Bxe4 fxe4 17. Ne2 Bxe5 18. Bc3 Bxc3 19. Qxc3+ Qf6 20. Qxf6+ Rxf6 21. Nc3 b6 22. b4 Bb7 23. b5 Raf8 24. Rd2 c5 25. cxd5 exd5 26. Rad1 d4 27. exd4 cxd4 28. Rxd4 Rxf2 29. Rd7 R2f7 30. Rxf7 Rxf7 31. Rd8+ Kg7 32. Re8 Rc7 33. Nxe4 Rc1+ 34. Kf2 Rc2+ 35. Kg3 Bxe4 36. Rxe4 Rxa2 37. Rxg4+ Kf7 38. h4 Rb2 39. Rg5 Rb4 40. Kf3 Ra4 41. Rf5+ Kg7 42. h5 a5 43. g4 Rb4 44. Rd5 h6 45. Rd7+ Kg8 46. Rd5 a4 47. Rd8+ Kg7 48. Ra8 Rxb5 49. Rxa4 Rg5 50. Ra7+ Kg8 51. Rb7 Rb5 52. Kg3 Kh8 1/2-1/2

[Event "SVK-chT1E 0708"]
[Site "Slovakia"]
[Date "2007.10.14"]
[Round "2.3"]
[White "Dlabik, Jozef"]
[Black "Lakatos, Tomas"]
[Result "1/2-1/2"]
[WhiteElo "2150"]
[BlackElo "2144"]
[PlyCount "81"]
[EventDate "2007.10.13"]
[EventType "team-swiss"]
[EventRounds "11"]
[EventCountry "SVK"]
[SourceTitle "EXT 2009"]
[Source "ChessBase"]
[SourceDate "2008.11.26"]
[SourceVersion "1"]
[SourceVersionDate "2008.11.26"]
[SourceQuality "1"]
[WhiteTeam "Martin MSK"]
[BlackTeam "Kosice Slavia UPJS III"]
[WhiteTeamCountry "SVK"]
[BlackTeamCountry "SVK"]

1. d4 Nf6 2. Nf3 e6 3. c4 b6 4. Nc3 Bb7 5. Bg5 d5 6. e3 Be7 7. Bd3 Nbd7 8. 0-0 0-0 9. Qe2 Rc8 10. Rac1 c5 11. Rfd1 cxd4 12. exd4 dxc4 13. Bxc4 Bxf3 14. gxf3 Nh5 15. Be3 Bd6 16. Ne4 Bf4 17. Qf1 Qh4 18. Qg2 Ndf6 19. Ng3 Bb8 20. Nxh5 Qxh5 21. Kh1 Kh8 22. h3 Rg8 23. Bb3 Rxc1 24. Rxc1 g5 25. d5 g4 26. fxg4 Nxg4 27. dxe6 Nxf2+ 28. Bxf2 Rxg2 29. Bd4+ Be5 30. Kxg2 Qe2+ 31. Bf2 Qe4+ 32. Kg1 fxe6 33. Re1 Qf5 34. Kg2 Qg5+ 35. Kf1 Qf5 36. Kg2 Kg7 37. Re3 Qg5+ 38. Kf1 Qf5 39. Kg2 Kh6 40. Rf3 Qg5+ 41. Kf1 1/2-1/2

[Event "SVK-chT1E 0203"]
[Site "Slovakia"]
[Date "2002.??.??"]
[Round "?"]
[White "Bednar, Jaromir"]
[Black "Dlabik, Jozef"]
[Result "1-0"]
[WhiteElo "2335"]
[BlackElo "2269"]
[PlyCount "84"]
[EventDate "2002.10.??"]
[EventType "team-tourn"]
[EventRounds "11"]
[EventCountry "SVK"]
[SourceTitle "EXT 2005"]
[Source "ChessBase"]
[SourceDate "2004.11.15"]
[SourceVersion "1"]
[SourceVersionDate "2004.11.15"]
[SourceQuality "1"]

1. Nf3 d5 2. g3 Bf5 3. Bg2 e6 4. 0-0 Nd7 5. d3 Ngf6 6. Nbd2 h6 7. Re1 Bc5 8. e4 dxe4 9. dxe4 Bg6 10. Qe2 c6 11. e5 Nd5 12. Ne4 0-0 13. Nh4 Bxe4 14. Qxe4 f5 15. exf6 Rxf6 16. Nf3 Bb6 17. b4 a5 18. c4 Nxb4 19. Rd1 Qe7 20. Bb2 Rf7 21. a3 Na6 22. Rab1 Nac5 23. Qg4 Na4 24. Ba1 Nf6 25. Qg6 Nd7 26. Rxd7 Qxd7 27. Ne5 Bxf2+ 28. Kh1 Qe7 29. Be4 Rf5 30. Ng4 Raf8 31. Nxh6+ Kh8 32. Nxf5 exf5 33. Bxf5 Rxf5 34. Qxf5 Bc5 35. Rf1 Nb6 36. Bc3 Nxc4 37. Rf4 b5 38. Re4 Qf8 39. Qh5+ Kg8 40. Re8 Bxa3 41. Rxf8+ Bxf8 42. Qg6 Nd6 1-0

[Event "SVK-chT1E 0203"]
[Site "Slovakia"]
[Date "2002.??.??"]
[Round "?"]
[White "Hlinka, Michal"]
[Black "Dlabik, Jozef"]
[Result "1/2-1/2"]
[WhiteElo "2252"]
[BlackElo "2269"]
[PlyCount "118"]
[EventDate "2002.10.??"]
[EventType "team-tourn"]
[EventRounds "11"]
[EventCountry "SVK"]
[SourceTitle "EXT 2005"]
[Source "ChessBase"]
[SourceDate "2004.11.15"]
[SourceVersion "1"]
[SourceVersionDate "2004.11.15"]
[SourceQuality "1"]

1. d4 d5 2. Nf3 Nf6 3. c4 e6 4. g3 Be7 5. Bg2 0-0 6. 0-0 Ne4 7. b3 c6 8. Qc2 Na6 9. Bb2 Bd7 10. Ne5 f5 11. f3 Nf6 12. a3 Nc7 13. c5 Be8 14. Nc3 Nd7 15. Nxd7 Qxd7 16. f4 Bf6 17. e3 g5 18. Kh1 g4 19. Kg1 h5 20. Kf2 Kg7 21. Rh1 Rh8 22. Ke2 h4 23. Kd2 Bg6 24. Rag1 hxg3 25. hxg3 Rxh1 26. Rxh1 Rh8 27. Qd1 Qd8 28. Rxh8 Qxh8 29. Qh1 Qd8 30. Bf1 b5 31. Bd3 a5 32. Ne2 Qa8 33. Kc2 b4 34. axb4 axb4 35. Qa1 Qb8 36. Qa5 Bd8 37. Qa4 Be8 38. Bc1 Qa8 39. Bd2 Qc8 40. Qa7 Bd7 41. Bxb4 Ne8 42. Nc3 Nf6 43. Na4 Qc7 44. Qa8 Qc8 45. Qxc8 Bxc8 46. Be1 Ne4 47. b4 Bd7 48. Nb6 Bxb6 49. cxb6 Bc8 50. b5 cxb5 51. Bxb5 Bb7 52. Kb3 Kf7 53. Kb4 Ke7 54. Ka5 Kd8 55. Kb4 Ke7 56. Kb3 Kd8 57. Kc2 Nd6 58. Bd3 Kd7 59. Bb4 Nc4 1/2-1/2

[Event "SVK-chT2E 0102"]
[Site "Slovakia"]
[Date "2002.??.??"]
[Round "8"]
[White "Sokol, Lubomir"]
[Black "Dlabik, Jozef"]
[Result "0-1"]
[WhiteElo "2241"]
[BlackElo "2281"]
[PlyCount "88"]
[EventDate "2001.10.??"]
[EventType "team-tourn"]
[EventRounds "11"]
[EventCountry "SVK"]
[SourceTitle "EXT 2006"]
[Source "ChessBase"]
[SourceDate "2005.11.24"]
[SourceVersion "1"]
[SourceVersionDate "2005.11.24"]
[SourceQuality "1"]

1. d4 d5 2. Nf3 Nf6 3. Bf4 e6 4. e3 Be7 5. Bd3 0-0 6. Nbd2 c5 7. c3 Nc6 8. 0-0 Bd7 9. Ne5 Rc8 10. Qf3 Be8 11. Qh3 Kh8 12. Bg5 g6 13. Qh6 Nd7 14. Ndf3 Rg8 15. Bxe7 Qxe7 16. Nxc6 Rxc6 17. Bb5 Rb6 18. Bxd7 Bxd7 19. b3 Rc8 20. Ne5 Be8 21. Ng4 f6 22. Rfe1 a5 23. Qf4 Kg7 24. e4 dxe4 25. Rxe4 g5 26. Qe3 h5 27. Nxf6 Qxf6 28. dxc5 Rbc6 29. Re1 Bg6 30. Re5 Bf5 31. b4 Rd8 32. f3 Rd3 33. Qc1 h4 34. b5 Rc7 35. Qa3 Rf7 36. h3 Rd2 37. Qc1 Rxa2 38. c4 Rd7 39. c6 bxc6 40. bxc6 Rdd2 41. Rxf5 Rxg2+ 42. Kh1 Qxf5 43. Qc3+ Kf7 44. f4 Rg3 0-1

[Event "SVK-chT2E 0102"]
[Site "Slovakia"]
[Date "2001.??.??"]
[Round "4"]
[White "Dlabik, Jozef"]
[Black "Manik, Mikulas"]
[Result "1/2-1/2"]
[WhiteElo "2281"]
[BlackElo "2414"]
[PlyCount "36"]
[EventDate "2001.10.??"]
[EventType "team-tourn"]
[EventRounds "11"]
[EventCountry "SVK"]
[SourceTitle "EXT 2006"]
[Source "ChessBase"]
[SourceDate "2005.11.24"]
[SourceVersion "1"]
[SourceVersionDate "2005.11.24"]
[SourceQuality "1"]

1. d4 Nf6 2. c4 c5 3. d5 b5 4. cxb5 a6 5. bxa6 Bxa6 6. Nc3 d6 7. e4 Bxf1 8. Kxf1 g6 9. Nf3 Bg7 10. h3 0-0 11. Kg1 Nbd7 12. Kh2 Qa5 13. a4 Rfb8 14. Ra3 Rb4 15. Re1 Ne8 16. Qc2 Nb6 17. b3 c4 18. Bd2 Qa6 1/2-1/2

[Event "SVK-chT2E 0102"]
[Site "Slovakia"]
[Date "2001.??.??"]
[Round "2"]
[White "Dovzik, Juri"]
[Black "Dlabik, Jozef"]
[Result "1/2-1/2"]
[WhiteElo "2389"]
[BlackElo "2281"]
[PlyCount "122"]
[EventDate "2001.10.??"]
[EventType "team-tourn"]
[EventRounds "11"]
[EventCountry "SVK"]
[SourceTitle "EXT 2006"]
[Source "ChessBase"]
[SourceDate "2005.11.24"]
[SourceVersion "1"]
[SourceVersionDate "2005.11.24"]
[SourceQuality "1"]

1. e4 e5 2. Nf3 Nc6 3. d4 exd4 4. Nxd4 Nf6 5. Nxc6 bxc6 6. Bd3 d6 7. 0-0 Be7 8. b3 Nd7 9. c3 Bf6 10. Be3 0-0 11. Qc2 Ne5 12. Be2 Re8 13. h3 c5 14. Nd2 Bb7 15. Rae1 a5 16. f4 Nd7 17. Bd3 g6 18. Nf3 Ba6 19. Bxa6 Rxa6 20. Qd3 Ra8 21. Rd1 Nb6 22. e5 dxe5 23. Qb5 Qc8 24. fxe5 Bxe5 25. Bxc5 Bf6 26. Nd4 Be7 27. Bxb6 cxb6 28. Qd5 Rf8 29. Rf3 Bc5 30. Rdf1 Ra7 31. Kh1 Rd7 32. Qe4 Bxd4 33. cxd4 Qd8 34. Rf4 Rd5 35. Qd3 Qd7 36. Qc4 Kg7 37. Rf6 b5 38. Qc3 b4 39. Qc4 Rxd4 40. Rxf7+ Rxf7 41. Rxf7+ Qxf7 42. Qxd4+ Kg8 43. Kg1 Qf5 44. Kh2 h6 45. Kg3 Kf7 46. Qf4 Qxf4+ 47. Kxf4 Kf6 48. h4 h5 49. g3 Ke6 50. Ke4 Kf6 51. Kf4 Ke6 52. Kg5 Kf7 53. g4 hxg4 54. Kxg4 Kf6 55. Kf4 Ke6 56. Kg5 Kf7 57. Kg4 Kf6 58. Kf4 Ke6 59. Kg4 Kf6 60. Kf4 Ke6 61. Kg5 Kf7 1/2-1/2

[Event "SVK-chT1E 0001"]
[Site "Slovakia"]
[Date "2001.??.??"]
[Round "6"]
[White "Hagarova, Zuzana"]
[Black "Dlabik, Jozef"]
[Result "1-0"]
[WhiteElo "2317"]
[BlackElo "2273"]
[PlyCount "85"]
[EventDate "2000.??.??"]
[EventType "team-tourn"]
[EventRounds "11"]
[EventCountry "SVK"]
[SourceTitle "EXT 2002"]
[Source "ChessBase"]
[SourceDate "2001.11.25"]
[SourceVersion "1"]
[SourceVersionDate "2001.11.25"]
[SourceQuality "1"]

1. e4 e5 2. Nf3 Nc6 3. Bb5 a6 4. Ba4 Nf6 5. 0-0 Be7 6. Re1 b5 7. Bb3 0-0 8. h3 d6 9. c3 Nb8 10. d4 Nbd7 11. Nbd2 c5 12. Nf1 Bb7 13. Ng3 Re8 14. Bc2 Bf8 15. d5 g6 16. Bd2 c4 17. Qc1 Qe7 18. Bg5 Bg7 19. Qd2 Qf8 20. b3 cxb3 21. axb3 Rec8 22. Rab1 Rc7 23. Bd3 Nc5 24. Bf1 h6 25. Bxf6 Bxf6 26. c4 bxc4 27. Bxc4 Bg7 28. Ra1 f5 29. exf5 gxf5 30. Nh4 Bc8 31. Qe2 Qf6 32. Qh5 Rf7 33. b4 Ne4 34. Rxe4 fxe4 35. Nxe4 Qf4 36. Bd3 Rf8 37. Ng6 Qf7 38. Nxd6 Qxf2+ 39. Kh1 Qd4 40. Nxf8 Qxd3 41. Qf7+ Kh8 42. Ne8 Ra7 43. Ng6+ 1-0

[Event "SVK-chT2E 9900"]
[Site "Slovakia"]
[Date "2000.??.??"]
[Round "?"]
[White "Dlabik, Jozef"]
[Black "Vyparina, Matej"]
[Result "1/2-1/2"]
[WhiteElo "2227"]
[BlackElo "2102"]
[PlyCount "38"]
[EventDate "1999.??.??"]
[EventType "team-tourn"]
[EventRounds "9"]
[EventCountry "SVK"]
[SourceTitle "EXT 2001"]
[Source "ChessBase"]
[SourceDate "2000.11.22"]
[SourceVersion "1"]
[SourceVersionDate "2000.11.22"]
[SourceQuality "1"]

1. d4 Nf6 2. c4 g6 3. Nc3 d5 4. cxd5 Nxd5 5. e4 Nxc3 6. bxc3 Bg7 7. Nf3 c5 8. Be3 0-0 9. Rb1 cxd4 10. cxd4 Bg4 11. Be2 Nc6 12. 0-0 Bxf3 13. Bxf3 Nxd4 14. Rxb7 e6 15. Rb4 Nxf3+ 16. Qxf3 Rb8 17. Bc5 Re8 18. Rxb8 Qxb8 19. Qa3 Bf8 1/2-1/2